• 首页
  • 本馆介绍
  • 公告通知
  • 最新文献
  • 馆藏检索
  • 电子资源
  • 读者导购
  • 参考咨询
  • 我的图书馆
  • 登录
  • 详细信息显示
  • 放入我的书架
  • 预约/预借图书
  • 作者相关作品
  • 分类相关作品
  • 丛书相关作品
  • 出版社相关作品

书目信息

  • 表格格式
  • 工作单格式
  • 卡片格式
题名:
计算机硬件技术基础
    
 
作者: 李继灿 主编
分册:  
出版信息: 北京   清华大学出版社  2007.05
页数: 13, 326页
开本: 26cm
丛书名:
单 册:
中图分类: TP303
科图分类:
主题词: 电子计算机--dian zi ji suan ji--硬件--高等学校--教材
电子资源:
ISBN: 978-7-302-40233-6
000 01223nam0 2200277 450
001 0109110230
005 20201109145030.75
010    @a978-7-302-40233-6@dCNY39.50
100    @a20151101e20192007em y0chiy50 ea
101 0  @achi
102    @aCN@b110000
105    @aa az 000yy
106    @ar
200 1  @a计算机硬件技术基础@Aji suan ji ying jian ji shu ji chu@f李继灿主编
205    @a3版
210    @a北京@c清华大学出版社@d2007.05@h2019.12
215    @a13, 326页@c图@d26cm
300    @a普通高等教育精品教材高等学校计算机基础教育教材精选“十二五”普通高等教育本科国家级规划教材
307    @a实际页数为:327
320    @a有书目(第327页)
330    @a本书以当前国内外广泛使用的16/32/64位微处理器为背景,追踪主流系列高性能微机的技术发展方向,抓住关键技术发展的主线,全面、系统、深入地讨论了计算机的基础知识、微处理器系统结构与技术、指令系统与汇编语言程序设计、存储器系统、浮点部件、输入输出与中断技术、常用可编程接口芯片、微机硬件新技术、多媒体外部设备及接口卡,最后讨论了正在快速发展和广泛使用的多核计算机。
606 0  @a电子计算机@Adian zi ji suan ji@x硬件@x高等学校@j教材
690    @aTP303@v5
701  0 @a李继灿@ALi Ji Can@4主编
801  0 @aCN@bBJSZM@c20201103
905    @b1241327-30@dTP303@e1159=3@f4
    
    计算机硬件技术基础/李继灿主编.-3版.-北京:清华大学出版社,2007.05(2019.12)
    13, 326页:图;26cm
    普通高等教育精品教材高等学校计算机基础教育教材精选“十二五”普通高等教育本科国家级规划教材
    
    ISBN 978-7-302-40233-6:CNY39.50
    本书以当前国内外广泛使用的16/32/64位微处理器为背景,追踪主流系列高性能微机的技术发展方向,抓住关键技术发展的主线,全面、系统、深入地讨论了计算机的基础知识、微处理器系统结构与技术、指令系统与汇编语言程序设计、存储器系统、浮点部件、输入输出与中断技术、常用可编程接口芯片、微机硬件新技术、多媒体外部设备及接口卡,最后讨论了正在快速发展和广泛使用的多核计算机。
●
相关链接 在E读中查询图书 在五车中查询图书 在当当中查询图书 在豆瓣中查询图书


正题名:计算机硬件技术基础     索取号:TP303/1159=3         预约/预借

序号 登录号 条形码 馆藏地/架位号 状态 备注
1 1241327   212413271   第二样本阅览室/ [索取号:TP303/1159=3] 在馆    
2 1241328   212413280   第三借阅区/ [索取号:TP303/1159=3] 在馆    
3 1241329   212413299   第三借阅区/ [索取号:TP303/1159=3] 在馆    
4 1241330   212413306   第三借阅区/ [索取号:TP303/1159=3] 在馆    
唐山师范学院图书馆 欢迎您!
大连网信软件有限公司© 版权所有